African Capitals With No Vowels - Statistics

General Stats
  • This quiz has been taken 27 times
  • The average score is 39 of 54
Answer Stats
Hint Capital % Correct
lgrs Algiers
92%
djbt Djibouti
92%
gbrn Gaborone
92%
prt nv Porto Novo
92%
pr Praia
92%
trpl Tripoli
92%
dds bb Addis Ababa
88%
ntnnrv Antananarivo
88%
bmk Bamako
88%
bnjl Banjul
88%
lbrvll Libreville
88%
prt ls Port Louis
88%
rbt Rabat
88%
wndhk Windhoek
88%
brzzvll Brazzaville
83%
cnkr Conakry
83%
dkr Dakar
83%
kgl Kigali
83%
knshs Kinshasa
83%
llngw Lilongwe
83%
vctr Victoria
83%
frtwn Freetown
79%
khrtm Khartoum
79%
mnrv Monrovia
79%
s tm São Tomé
79%
ccr Accra
75%
ddm Dodoma
75%
mpt Maputo
75%
mgdsh Mogadishu
75%
jb Juba
71%
mbbn Mbabane
71%
nrb Nairobi
71%
n'djmn N'Djamena
71%
nkchtt Nouakchott
71%
bjmbr Bujumbura
67%
cr Cairo
67%
kmpl Kampala
67%
mrn Moroni
67%
msskr Yamoussoukro
67%
hrr Harare
63%
lnd Luanda
63%
mlb Malabo
63%
prtr Pretoria
63%
bng Bangui
58%
tns Tunis
58%
bj Abuja
54%
msr Maseru
54%
smr Asmara
50%
bss Bissau
50%
lm Lomé
50%
lsk Lusaka
50%
gdg Ouagadougou
42%
nd Yaoundé
33%
nm Niamey
25%
No matching quizzes found
Score Distribution
Percent of People with Each Score
Percentile by Number Answered
Your Score History
You have not taken this quiz